[Event "CADAP MLP-02/2003 email"]
[Site "CADAP email"]
[Date "2004.12.10"]
[Round "?"]
[White "Teixeira Neves, Ronaldo"]
[Black "Campos Mosqueira, Juan Carlos"]
[Result "0-1"]
[WhiteElo "2323"]
[BlackElo "2000"]
[PlyCount "50"]
[EventDate "2005.??.??"]
[EventType "tourn (corr)"]
[EventRounds "14"]
[EventCountry "ARG"]
[SourceTitle "Corr 2008"]
[Source "ChessBase"]
[SourceDate "2008.06.24"]
[SourceVersion "1"]
[SourceVersionDate "2008.06.24"]
[SourceQuality "1"]

1. d4 Nf6 2. c4 e6 3. Nf3 c5 4. Nc3 cxd4 5. Nxd4 Bb4 6. Ndb5 d5 7. Bf4 0-0 8. Nc7 Nh5 9. e3 Nxf4 10. Nxa8 Ng6 11. Qb3 Nc6 12. 0-0-0 Bxc3 13. Qxc3 Bd7 14. cxd5 exd5 15. Rxd5 Qe7 16. Nc7 Rc8 17. Na6 bxa6 18. Rc5 Nf8 19. Kb1 Ne6 20. Rc4 Nc7 21. Rc5 Nb5 22. Qc1 Qf6 23. Bd3 Qxf2 24. Rd1 Rd8 25. Bxb5 axb5 0-1

[Event "CADAP MLP-02/2003 email"]
[Site "CADAP email"]
[Date "2004.03.22"]
[Round "?"]
[White "Teixeira Neves, Ronaldo"]
[Black "Pena Gomez, Enrique Duvan"]
[Result "1/2-1/2"]
[WhiteElo "2323"]
[BlackElo "2250"]
[PlyCount "43"]
[EventDate "2005.??.??"]
[EventType "tourn (corr)"]
[EventRounds "14"]
[EventCountry "ARG"]
[SourceTitle "Corr 2008"]
[Source "ChessBase"]
[SourceDate "2008.06.24"]
[SourceVersion "1"]
[SourceVersionDate "2008.06.24"]
[SourceQuality "1"]

1. d4 Nf6 2. c4 g6 3. Nc3 d5 4. Qb3 dxc4 5. Qxc4 Bg7 6. e4 0-0 7. Bf4 Na6 8. Nf3 c5 9. dxc5 Qa5 10. e5 Nd7 11. a3 Qxc5 12. Nd5 e6 13. Qxc5 Naxc5 14. Ne7+ Kh8 15. Rd1 Nb6 16. Rc1 Ncd7 17. Rc7 f6 18. Nxc8 Rfxc8 19. Rxb7 Nc5 20. exf6 Bxf6 21. Rf7 Bxb2 22. Be5+ 1/2-1/2

[Event "CADAP MLP-02/2003 email"]
[Site "CADAP email"]
[Date "2003.07.01"]
[Round "?"]
[White "Leal Pinzon, Fernando Mauricio"]
[Black "Teixeira Neves, Ronaldo"]
[Result "0-1"]
[WhiteElo "1901"]
[BlackElo "2323"]
[PlyCount "22"]
[EventDate "2005.??.??"]
[EventType "tourn (corr)"]
[EventRounds "14"]
[EventCountry "ARG"]
[SourceTitle "Corr 2008"]
[Source "ChessBase"]
[SourceDate "2008.06.24"]
[SourceVersion "1"]
[SourceVersionDate "2008.06.24"]
[SourceQuality "1"]

1. d4 e6 2. c4 c5 3. d5 exd5 4. cxd5 d6 5. e4 g6 6. f4 Bg7 7. Bc4 f5 8. Qe2 fxe4 9. Qxe4+ Ne7 10. Nc3 0-0 11. Nge2 Nd7 0-1

[Event "CADAP MLP-02/2003 email"]
[Site "CADAP email"]
[Date "2003.07.01"]
[Round "?"]
[White "Navarro Sancho, Rafael"]
[Black "Teixeira Neves, Ronaldo"]
[Result "0-1"]
[WhiteElo "2034"]
[BlackElo "2323"]
[PlyCount "20"]
[EventDate "2005.??.??"]
[EventType "tourn (corr)"]
[EventRounds "14"]
[EventCountry "ARG"]
[SourceTitle "Corr 2008"]
[Source "ChessBase"]
[SourceDate "2008.06.24"]
[SourceVersion "1"]
[SourceVersionDate "2008.06.24"]
[SourceQuality "1"]

1. e4 e6 2. d4 d5 3. e5 c5 4. Nf3 Nc6 5. c3 Qb6 6. Be2 cxd4 7. cxd4 Nh6 8. 0-0 Nf5 9. Nc3 Nfxd4 10. Nxd4 Qxd4 0-1